| 000 | 00711 a2200181 4500 | ||
|---|---|---|---|
| 999 |
_c2270 _d2270 |
||
| 020 | _a9780415590938 | ||
| 050 | 0 | 0 | _aLB 1028.5 WOO 2011 |
| 100 | 1 |
_aWoollard, John _eAuthor. |
|
| 245 | 1 | 0 |
_aPsychology for the classroom : _bE-learning / _cJohn Woollard |
| 264 |
_aUnited States of America: _bRoutledge, _c2011 |
||
| 300 |
_axv, 135p. : _bill. |
||
| 500 | _aIncludes bibliographical references (p. 119-131) and index. | ||
| 504 | _aIncludes bibliographical references (p. 119-131) and index. | ||
| 650 | 0 | _aComputer-assisted instruction. | |
| 650 | 0 | _aEducational psychology. | |
| 942 |
_2lcc _cBK _h1028.5 _iWOO _kLB |
||